00863nam a2200193Ia 4500003000900000008004100009020001400050040001600064080002100080111010900101245029500210260004000505300002300545650001900568650001900587650001500606700002500621700002300646IN-BaIIA211028s9999 xx 000 0 eng d a0379-6566 cIIA Library a629.19(063)bESA aGiotto PEWG Meeting on the Giotto Spacecraft Impact-induced Plasma EnvironmentcAustriad1984 Apr. 10-12 4aThe Giotto Spacecraft impact-induced plasma environmentbproceedings of the Giotto PEWG meeting on the Giotto Spacecraft impact-induced plasma environment, held in Berne, Switzerland, 10-12 April 1984cedited by Bruce Battrick and Erica Rolfe  aFrancebEuropean Space Agencyc1984 a[various pagings.] aESA Spacecraft aNASA thesaurus aSpacecraft aBattrick Bruce., ed. aRolfe, Erica., ed.